00728cam a2200229 a 4500001000800000005001700008008004100025010001700066020002500083040001800108041000800126080001500134082001900149100000700168101000800175245008600183504004100269906004500310942001200355999001700367952011400384385533320180206080713.0880404s1989 ilua b 001 0 eng  a 88012690  a0256056692 :c$42.50 aDLCcDLCdDLC aeng a658.15 ANT00a658.15 ANT2191 a54 aMEN10aManagement control systems /cRobert N. Anthony, John Dearden, Norton M. Bedford. aIncludes bibliographies and indexes. a7bcbccorignewd1eocipf19gy-gencatlg 2ddccBK c41933d41933 00102udc40708PËKGa002b002cPËKGd2018-02-06l0o658.15 ANTp002-2999334r2018-02-06w2018-02-06yBK